| 000 | 00418nam a22001697a 4500 | ||
|---|---|---|---|
| 005 | 20180425113120.0 | ||
| 008 | 160614b xxu||||| |||| 00| 0 eng d | ||
| 020 | _a978-01956-6175-0 | ||
| 041 | _aeng | ||
| 082 |
_b7595 _a351 |
||
| 100 |
_aBhattacharya, Mohit and Chakraborty, Bidyut _91935 |
||
| 245 | _aPublic Administration | ||
| 260 |
_bOxford _c2003 |
||
| 300 | _a417 | ||
| 650 |
_aManagement _9241 |
||
| 942 | _cBK | ||
| 999 |
_c2714 _d2713 |
||